000 00254nam a22001097a 4500
999 _c6049
_d6049
245 _aThe Free Zone Act, 1995 (Act 504)
_cby Republic of Ghana
246 _aAct 504
300 _a15p
440 _aActs of parliament
650 _aFree zone Act
942 _cREF